| 000 | 00574nam a22001817a 4500 | ||
|---|---|---|---|
| 003 | 0 | ||
| 005 | 20250820140305.0 | ||
| 008 | 250820b xxu||||| |||| 00| 0 eng d | ||
| 020 | _a978-1-03-279491-4 | ||
| 050 |
_aP 37 _b.R37 2025 |
||
| 100 |
_aRastelli, Stefano, _eauthor. |
||
| 245 |
_aPlain language : _ba psycholinguistic approach / _cStefano Rastelli. |
||
| 260 |
_aNew York, NY : _bRoutledge, _c2025. |
||
| 300 |
_ax, 208 pages : _billustrations ; _c25 cm. |
||
| 504 | _aIncludes bibliographical references and index. | ||
| 650 | _aPsycholinguistics. | ||
| 942 |
_2lcc _cBK |
||
| 999 |
_c367538 _d367538 |
||